[Event "Bayernliga U20 1011"]
[Site "Bayern"]
[Date "2011.01.22"]
[Round "4.3"]
[White "Stephan, Michael"]
[Black "Valio Ottowitz, Lucas"]
[Result "1-0"]
[WhiteElo "1832"]
[BlackElo "1469"]
[PlyCount "51"]
[EventDate "2010.10.16"]
[EventType "team-tourn"]
[EventRounds "7"]
[EventCountry "GER"]
[SourceTitle "EXT 2022"]
[Source "ChessBase"]
[SourceDate "2021.10.06"]
[SourceVersion "1"]
[SourceVersionDate "2021.10.06"]
[SourceQuality "1"]
[WhiteTeam "Forchheim SC U20"]
[BlackTeam "Freising SK U20"]
[WhiteTeamCountry "GER"]
[BlackTeamCountry "GER"]

1. e4 e6 2. d4 d5 3. exd5 exd5 4. Bd3 Nf6 5. Nf3 Bd6 6. 0-0 0-0 7. h3 c6 8. b3 Nbd7 9. c4 b6 10. Qc2 Bb7 11. Nh4 Qc7 12. Nc3 Rac8 13. Nf5 Rfe8 14. Ne2 c5 15. Qd2 Bf8 16. Qg5 g6 17. Bb2 Qd8 18. Nh6+ Bxh6 19. Qxh6 Qe7 20. Rfe1 Qf8 21. Qg5 dxc4 22. Bxc4 cxd4 23. Nxd4 Rxe1+ 24. Rxe1 Qg7 25. Nb5 Rf8 26. Re7 1-0